000
00298nam a2200121Ia 4500
008
190216s9999||||xx |||||||||||||| ||und||
100
_a
Narayanan Nss
245
0
_a
Economic Policy And State Interrention
260
_b
Oxford University Press
300
_a
559
650
_a
Economics
942
_c
BK
999
_c
10744
_d
10744